LEADER 04199nam 22006734a 450 001 9910451539003321 005 20200520144314.0 010 $a1-281-17931-0 010 $a9786611179311 010 $a3-7643-8285-6 024 7 $a10.1007/978-3-7643-8285-8 035 $a(CKB)1000000000408244 035 $a(EBL)1038120 035 $a(SSID)ssj0000152937 035 $a(PQKBManifestationID)11146725 035 $a(PQKBTitleCode)TC0000152937 035 $a(PQKBWorkID)10339671 035 $a(PQKB)11277244 035 $a(MiAaPQ)EBC336959 035 $a(DE-B1597)206116 035 $a(OCoLC)979595123 035 $a(DE-B1597)9783764382858 035 $a(MiAaPQ)EBC1038120 035 $a(Au-PeEL)EBL336959 035 $a(CaPaEBR)ebr10217347 035 $a(CaONFJC)MIL117931 035 $a(OCoLC)259712705 035 $a(EXLCZ)991000000000408244 100 $a20070627d2007 uy 0 101 0 $aeng 135 $aur|n|---||||| 181 $ctxt 182 $cc 183 $acr 200 10$aFailed stone$b[electronic resource] $eproblems and solutions with concrete and masonry /$fPatrick Loughran 210 $aBasel ;$aBoston $cBirkha?user$d2007 215 $a1 online resource (160 p.) 300 $aDescription based upon print version of record. 311 $a3-7643-7329-6 327 $tFrontmatter -- $tThermal Hysteresis -- $tImpact -- $tEfflorescence -- $tSurface Defects -- $tDiscoloration -- $tCorrosion -- $tStructure -- $tLeakage 330 $aConcrete and stone seem made to last forever. But the fact is they develop problems. It is not always as dramatic as the collapse of a section of the roof of the Paris Charles de Gaulle airport in 2004. Gradual changes also occur that may compromise the appearance and structural soundness of buildings constructed with these materials. These changes can be created by efflorescence, thermal stress, weathering, leakage and corrosion. This book explains how to avoid typical kinds of failure. With this in mind, it systematically analyzes cases of damage in contemporary international architecture. It also offers strategies for minimizing the risk of damage. Examples include such high-visibility structures as Finlandia Hall in Helsinki, Parco della Musica in Rome and Vontz Center for Molecular Studies in Cincinnatti. In eight chapters, typical kinds of damage are explained and illustrated with examples. Beton und Stein scheinen für die Ewigkeit gemacht. Dennoch kommt es hier zu Bauschäden. Nicht immer sind sie so dramatisch wie der Deckeneinsturz im Terminal des Flughafen Paris-Roissy 2004. Es gibt auch schleichende Veränderungen, die Erscheinungsbild und Statik von Beton- oder Steingebäuden beeinträchtigen können. Dazu gehören Ausblühungen, thermische Auswirkungen, Materialunverträglichkeiten, Korrosion oder massive Krafteinwirkung. Dieses Buch zeigt, wie sich typische Schäden vermeiden lassen. Zu diesem Zweck analysiert es systematisch Schadensfälle in der zeitgenössischen internationalen Architektur. Ebenso werden Strategien vorgestellt, mit denen sich das Schadensrisiko minimieren lässt. Zu den Beispielen gehören so bekannte Bauten wie die Finlandia Hall in Helsinki, Renzo Pianos Parco della Musica in Rom oder Vontz Center for Molecular Studies in Cincinnatti. In insgesamt acht Kapiteln werden typische Schäden erklärt und dann mit Beispielen illustriert. 330 $aThis book explains how to avoid typical kinds of failure. With this in mind, it systematically analyzes cases of damage in contemporary international architecture. It also offers strategies for minimizing the risk of damage. 606 $aMasonry$xDeterioration 606 $aConcrete construction$xDeterioration 606 $aBuilding failures 608 $aElectronic books. 615 0$aMasonry$xDeterioration. 615 0$aConcrete construction$xDeterioration. 615 0$aBuilding failures. 676 $a721.0441 686 $aZI 4930$2rvk 700 $aLoughran$b Patrick$0567481 801 0$bMiAaPQ 801 1$bMiAaPQ 801 2$bMiAaPQ 906 $aBOOK 912 $a9910451539003321 996 $aFailed stone$92475513 997 $aUNINA LEADER 02596nam 22006374a 450 001 9910451517803321 005 20200520144314.0 010 $a0-8078-7698-4 035 $a(CKB)1000000000462079 035 $a(EBL)413413 035 $a(OCoLC)476237453 035 $a(SSID)ssj0000777759 035 $a(PQKBManifestationID)12387425 035 $a(PQKBTitleCode)TC0000777759 035 $a(PQKBWorkID)10757110 035 $a(PQKB)10179041 035 $a(SSID)ssj0000224025 035 $a(PQKBManifestationID)11186120 035 $a(PQKBTitleCode)TC0000224025 035 $a(PQKBWorkID)10205912 035 $a(PQKB)10236735 035 $a(MiAaPQ)EBC413413 035 $a(Au-PeEL)EBL413413 035 $a(CaPaEBR)ebr10273394 035 $a(CaONFJC)MIL930210 035 $a(EXLCZ)991000000000462079 100 $a20050729d2006 uy 0 101 0 $aeng 135 $aur|n|---||||| 181 $ctxt 182 $cc 183 $acr 200 14$aThe politics of knowledge in premodern Islam$b[electronic resource] $enegotiating ideology and religious inquiry /$fby Omid Safi 210 $aChapel Hill $cUniversity of North Carolina Press$dc2006 215 $a1 online resource (350 p.) 225 1 $aIslamic civilization and Muslim networks 300 $aDescription based upon print version of record. 311 $a0-8078-5657-6 311 $a0-8078-2993-5 320 $aIncludes bibliographical references (p. 261-281) and index. 327 $aContents; Foreword; Acknowledgments; Transliteration Systems and Chronologies; Introduction; Chronology of the Great Saljuqs and 'Abbaasids; Key Figures and Primary Sources; Chapter One: Deconstructing the Great Saljuq Myth; Chapter Two: The Nizam's Realm, the Orderly Realm; Chapter Three: Saljuq State Apparatuses; Chapter Four: The Shifting Politics of al-Ghazali; Chapter Five: Bargaining with Baraka; Chapter Six: An Oppositional Sufi: 'Ayn al-Qudaat Hamadani; Conclusion; Appendix: Nizam al-Mulk's Descendants in Saljuq Administrations; Notes; Bibliography; Index; 330 $aScholars, saints, and the state. 410 0$aIslamic civilization & Muslim networks. 606 $aSeljuks$xHistory 607 $aIslamic Empire$xPolitics and government 608 $aElectronic books. 615 0$aSeljuks$xHistory. 676 $a956.1/014 700 $aSafi$b Omid$f1970-$0939315 801 0$bMiAaPQ 801 1$bMiAaPQ 801 2$bMiAaPQ 906 $aBOOK 912 $a9910451517803321 996 $aThe politics of knowledge in premodern Islam$92117333 997 $aUNINA